[Event "XXXV Olimpiadi (ICSC)"]
[Site "Bled SLO"]
[Date "2002.11.01"]
[Round "7.3"]
[White "Collutiis, Duilio"]
[Black "Erdogdu, Mert"]
[Result "1/2-1/2"]
[WhiteElo "2332"]
[BlackElo "2318"]
[Annotator "ICSC-TUR"]
[PlyCount "89"]
[EventDate "2002.10.26"]

1. e4 c5 2. Nc3 d6 3. f4 Nc6 4. Nf3 g6 5. Bb5 Bd7 6. O-O Bg7 7. d3 a6 8. Bxc6
Bxc6 9. Qe1 Qd7 10. Bd2 Nh6 11. Rb1 f5 12. Nd5 Bxd5 13. exd5 Nf7 14. c4 O-O 15.
Rf2 Rfe8 16. Re2 b5 17. b3 b4 18. d4 a5 19. Be3 e6 20. Bf2 exd5 21. cxd5 Rxe2
22. Qxe2 Re8 23. Qa6 Qc7 24. Rc1 Bf8 25. g3 Qc8 26. Qxa5 Qb7 27. Qa4 Rc8 28.
dxc5 Qxd5 29. Nd4 dxc5 30. Qb5 Rc7 31. Qc4 Qxc4 32. Rxc4 Nd6 33. Rc2 Kf7 34.
Nf3 Ne4 35. Ng5+ Nxg5 36. fxg5 Ke6 37. Be3 Bd6 38. Kf2 Ra7 39. Kf3 Kd5 40. Rd2+
Kc6 41. h4 Ra3 42. Rc2 Ra8 43. Bf4 Bxf4 44. gxf4 Re8 45. Rh2 1/2-1/2

[Event "XXXV Olimpiadi (ICSC)"]
[Site "Bled SLO"]
[Date "2002.11.02"]
[Round "8.4"]
[White "Michel Yunis, Christian D."]
[Black "Collutiis, Duilio"]
[Result "1/2-1/2"]
[WhiteElo "2326"]
[BlackElo "2332"]
[Annotator "ICSC-CHI"]
[PlyCount "98"]
[EventDate "2002.10.26"]

1. d4 Nf6 2. Nf3 c5 3. d5 d6 4. c4 g6 5. Nc3 Bg7 6. e4 O-O 7. Be2 e6 8. Bf4 e5
9. Bg5 h6 10. Bh4 g5 11. Bg3 Nh5 12. O-O Nf4 13. Nd2 Nxe2+ 14. Qxe2 Nd7 15.
Rfb1 f5 16. exf5 Nf6 17. Nde4 Bxf5 18. b4 b6 19. bxc5 bxc5 20. Rb7 Rf7 21. Rxf7
Kxf7 22. f3 Ne8 23. Rb1 Rb8 24. Rxb8 Qxb8 25. h4 Bf6 26. hxg5 hxg5 27. Be1 Be7
28. g4 Bg6 29. Kf2 Kg7 30. Bd2 Qb2 31. Bxg5 Qb7 32. Kg3 Bxg5 33. Nxg5 Qb4 34.
Ne6+ Kg8 35. Ne4 Qb1 36. Qe3 Qh1 37. a4 a5 38. N6g5 Qf1 39. Nd2 Qd1 40. Nge4
Kg7 41. f4 exf4+ 42. Kxf4 Bxe4 43. Nxe4 Qxa4 44. Qc3+ Kg8 45. Kg5 Qb4 46. Qd3
Qb7 47. Nc3 Qe7+ 48. Kf4 Qe5+ 49. Kf3 Kg7 1/2-1/2

[Event "XXXV Olimpiadi (ICSC)"]
[Site "Bled SLO"]
[Date "2002.11.05"]
[Round "10.4"]
[White "Ismail, Ahmad"]
[Black "Collutiis, Duilio"]
[Result "0-1"]
[WhiteElo "2128"]
[BlackElo "2332"]
[Annotator "ICSC-MAS"]
[PlyCount "131"]
[EventDate "2002.10.26"]

1. d4 Nf6 2. Nf3 c5 3. e3 e6 4. Bd3 Nc6 5. c3 b6 6. O-O Bb7 7. Nbd2 Be7 8. Re1
Rc8 9. Nf1 O-O 10. Ng3 Qc7 11. e4 cxd4 12. Nxd4 Ne5 13. Bf4 d6 14. Bc2 a6 15.
Qe2 Rfe8 16. Rad1 Ned7 17. Bc1 g6 18. Bh6 e5 19. Nb3 d5 20. exd5 Nxd5 21. Qg4
N7f6 22. Qg5 Nd7 23. Qg4 N7f6 24. Qg5 Ne4 25. Qg4 Nxg3 26. Qxg3 Nf4 27. Bxf4
exf4 28. Qh3 Bf6 29. Nc1 Rxe1+ 30. Rxe1 f3 31. Bb3 fxg2 32. Qe3 Bc6 33. Qg3 Kg7
34. Nd3 Qxg3 35. hxg3 a5 36. Nf4 Rd8 37. Rd1 Rxd1+ 38. Bxd1 a4 39. a3 Bg5 40.
Nd3 Kf8 41. f3 Ke7 42. Kxg2 Kd6 43. Kf2 Bd8 44. f4 f6 45. b3 axb3 46. Bxb3 Bd5
47. c4 Bb7 48. Ke3 Bc8 49. Nf2 f5 50. Bd1 Bf6 51. Kd3 Be6 52. Bb3 Kc5 53. Kc2
Bxc4 54. Nd3+ Kd4 55. Bxc4 Kxc4 56. Ne1 Be7 57. Kb2 Kd4 58. Nf3+ Ke4 59. Nd2+
Kd3 60. Nf3 Ke3 61. Ne5 Kf2 62. Nd7 b5 63. Nb6 Kxg3 64. Kb3 h5 65. Nd5 Bc5 66.
Kc3 0-1

[Event "XXXV Olimpiadi (ICSC)"]
[Site "Bled SLO"]
[Date "2002.11.06"]
[Round "11.4"]
[White "Collutiis, Duilio"]
[Black "Nguyen, Thanh Son"]
[Result "0-1"]
[WhiteElo "2332"]
[BlackElo "2450"]
[Annotator "ICSC-VIE"]
[PlyCount "88"]
[EventDate "2002.10.26"]

1. e4 e5 2. Nf3 Nf6 3. d3 Nc6 4. c3 d5 5. Nbd2 Be7 6. Be2 O-O 7. O-O Re8 8. Re1
a5 9. a4 Bc5 10. Nxe5 Rxe5 11. d4 Bxd4 12. cxd4 Nxd4 13. Bd3 dxe4 14. Nxe4 Nxe4
15. Rxe4 Rxe4 16. Bxe4 Bf5 17. Bxf5 Nxf5 18. Bf4 c6 19. Qxd8+ Rxd8 20. Bc7 Ra8
21. Rd1 Kf8 22. Rd8+ Rxd8 23. Bxd8 g6 24. Kf1 Nd4 25. Bxa5 Ke7 26. Bc3 Nb3 27.
Ke2 Ke6 28. Bb4 Kd5 29. Kd3 Nc1+ 30. Kc3 Ne2+ 31. Kb3 Nf4 32. g3 Nd3 33. f4 h5
34. Bd2 c5 35. Kc3 Nf2 36. Be1 Ne4+ 37. Kd3 c4+ 38. Ke3 Nc5 39. a5 Na4 40. Bc3
Nxc3 41. bxc3 f5 42. Kf3 Kc6 43. Ke3 Kc5 44. h3 Kd5 0-1

[Event "XXXV Olimpiadi (ICSC)"]
[Site "Bled SLO"]
[Date "2002.11.07"]
[Round "12.4"]
[White "Nolsoe, Eydun"]
[Black "Collutiis, Duilio"]
[Result "1-0"]
[WhiteElo "2236"]
[BlackElo "2332"]
[Annotator "ICSC-FRO"]
[PlyCount "59"]
[EventDate "2002.10.26"]

1. e4 c5 2. Nf3 Nc6 3. d4 cxd4 4. Nxd4 Qc7 5. Nc3 e6 6. Be2 a6 7. O-O Nf6 8.
Be3 d6 9. f4 Bd7 10. Nb3 Rd8 11. Qe1 Be7 12. Qf2 Rc8 13. Bb6 Qb8 14. Rad1 O-O
15. Rd2 Bd8 16. Rfd1 d5 17. Bxd8 Rcxd8 18. e5 Ne8 19. Qb6 Qc7 20. Qxc7 Nxc7 21.
Ne4 dxe4 22. Rxd7 Nd5 23. Rxd8 Rxd8 24. g3 b6 25. a3 a5 26. c4 Nde7 27. Rxd8+
Nxd8 28. c5 a4 29. Nd2 bxc5 30. Nc4 1-0

[Event "XXXV Olimpiadi femminile (ICSC)"]
[Site "Bled SLO"]
[Date "2002.10.28"]
[Round "3.3"]
[White "Nazarova, Olga"]
[Black "Mudongo, Boikhutso"]
[Result "1-0"]
[WhiteElo "1630"]
[BlackElo "2038"]
[Annotator "ICSC-BOT"]
[PlyCount "83"]
[EventDate "2002.10.26"]

1. d4 Nf6 2. c4 e6 3. Nc3 d5 4. Bg5 Be7 5. e3 O-O 6. Nf3 h6 7. Bh4 b6 8. cxd5
exd5 9. Rc1 Bg4 10. Be2 Re8 11. O-O Ne4 12. Bxe7 Rxe7 13. Ne5 Bxe2 14. Qxe2
Nxc3 15. Rxc3 c5 16. Nf3 c4 17. b3 b5 18. bxc4 dxc4 19. Qb2 a6 20. a4 Qb6 21.
Rxc4 Qe6 22. Rc3 bxa4 23. Ra1 Qd7 24. Qb4 Qb7 25. Rxa4 Qxb4 26. Rxb4 Re8 27.
Kf1 Nd7 28. Rc7 Nf6 29. Rbb7 Rf8 30. Ne5 Nd5 31. Rd7 Nf6 32. Rxf7 Rxf7 33. Nxf7
a5 34. Ne5 a4 35. Rb1 a3 36. Nd3 Ne4 37. Ra1 Nd2+ 38. Ke2 Nb3 39. Ra2 Ra4 40.
Kd1 Na5 41. Nc5 Rc4 42. Rxa3 1-0

[Event "XXXV Olimpiadi femminile (ICSC)"]
[Site "Bled SLO"]
[Date "2002.11.02"]
[Round "8.3"]
[White "Benggawan, Amanda"]
[Black "Nazarova, Olga"]
[Result "1-0"]
[WhiteElo "2046"]
[BlackElo "1630"]
[Annotator "ICSC-CAN"]
[PlyCount "109"]
[EventDate "2002.10.26"]

1. e4 e6 2. d4 d5 3. Bd3 dxe4 4. Bxe4 Nf6 5. Bf3 c5 6. Ne2 Qb6 7. Be3 Nbd7 8.
Nbc3 cxd4 9. Bxd4 Bc5 10. O-O Bxd4 11. Nxd4 a6 12. Nb3 Ne5 13. Re1 Nxf3+ 14.
Qxf3 Bd7 15. Rad1 O-O 16. Ne4 Nxe4 17. Rxd7 Nc5 18. Nxc5 Qxc5 19. Rxb7 Rab8 20.
c3 Rbd8 21. Rd1 Qf5 22. Rxd8 Rxd8 23. h3 Qxf3 24. gxf3 g6 25. Rb6 Rd2 26. a4 a5
27. b4 Ra2 28. Ra6 axb4 29. cxb4 Kf8 30. a5 Ke8 31. Ra7 h5 32. b5 Kd8 33. a6
Kc8 34. Rxf7 Kb8 35. Kg2 Ra5 36. Rb7+ Kc8 37. Kg3 g5 38. h4 gxh4+ 39. Kxh4 Ra4+
40. Kxh5 Rf4 41. Rg7 Rf5+ 42. Rg5 Rxf3 43. b6 Ra3 44. Rc5+ Kb8 45. a7+ Kb7 46.
Rb5 Rf3 47. Ra5 Rf8 48. a8=Q+ Rxa8 49. Rxa8 Kxa8 50. Kg5 Kb7 51. Kf6 Kxb6 52.
Kxe6 Kc7 53. Ke7 Kc6 54. f4 Kd5 55. f5 1-0

[Event "XXXV Olimpiadi femminile (ICSC)"]
[Site "Bled SLO"]
[Date "2002.11.04"]
[Round "9.3"]
[White "Arouche, Farida"]
[Black "Nazarova, Olga"]
[Result "1/2-1/2"]
[WhiteElo "2081"]
[BlackElo "1630"]
[Annotator "ICSC-ALG"]
[PlyCount "111"]
[EventDate "2002.10.26"]

1. c4 e5 2. Nc3 Nf6 3. Nf3 Nc6 4. d4 exd4 5. Nxd4 Bb4 6. Nxc6 Bxc3+ 7. bxc3
bxc6 8. Rb1 O-O 9. e3 Re8 10. Bd3 Ba6 11. O-O Ne4 12. Qc2 d5 13. f3 Nf6 14. Rd1
Rb8 15. cxd5 Bxd3 16. Qxd3 Rxb1 17. Qxb1 cxd5 18. c4 c6 19. cxd5 cxd5 20. e4 h6
21. Qb5 Qb6+ 22. Qxb6 axb6 23. exd5 Nxd5 24. Kf2 Nc3 25. Rd2 Ra8 26. a3 b5 27.
Kg3 Rc8 28. Bb2 Na4 29. Be5 f6 30. Bf4 g5 31. Bd6 Rd8 32. Bb4 Rxd2 33. Bxd2 Kg7
34. Kf2 Nb2 35. Ke2 Kf7 36. Bb4 Ke6 37. g4 Nc4 38. Kd3 f5 39. Bf8 fxg4 40. fxg4
Ne5+ 41. Ke2 Nxg4 42. h3 Kf7 43. Bb4 Ne5 44. Ke3 Ke6 45. Ke4 h5 46. Bd2 g4 47.
hxg4 hxg4 48. Kf4 Kd5 49. Bc3 Nc4 50. Bb4 Kd4 51. Kxg4 Kd3 52. Kf5 Kc2 53. Ke4
Kb3 54. Kd5 Nxa3 55. Kc5 Ka4 56. Bxa3 1/2-1/2

[Event "III Festival A"]
[Site "Vanzaghello ITA"]
[Date "2002.09.19"]
[Round "1"]
[White "Bianchi, Alberto"]
[Black "Kidane, Robel"]
[Result "1-0"]
[WhiteElo "2044"]
[BlackElo "1770"]
[PlyCount "67"]
[EventDate "2002.09.19"]

1. e4 c5 2. Nc3 Nc6 3. g3 g6 4. Bg2 Bg7 5. d3 d6 6. Nf3 e5 7. O-O Nge7 8. Be3
O-O 9. Ne1 Be6 10. Qd2 Qa5 11. Bh6 Rad8 12. Bxg7 Kxg7 13. f4 f5 14. Nf3 fxe4
15. Ng5 Bg8 16. fxe5 Nxe5 17. Ngxe4 d5 18. Rxf8 Rxf8 19. Qg5 Nf5 20. Nd6 Qc7
21. Nxf5+ Rxf5 22. Qe3 Qd7 23. Qe2 Rh5 24. Re1 Be6 25. Bf3 Rf5 26. Bg2 Rh5 27.
Nd1 Bg4 28. Qd2 Bh3 29. Bh1 b6 30. Nf2 Bg4 31. Qe3 Qe7 32. d4 cxd4 33. Qxd4 Qc5
34. c3 1-0

[Event "III Festival A"]
[Site "Vanzaghello ITA"]
[Date "2002.09.19"]
[Round "1"]
[White "Cardani, Roberto"]
[Black "Damia, Angelo"]
[Result "0-1"]
[WhiteElo "1692"]
[BlackElo "1888"]
[PlyCount "108"]
[EventDate "2002.09.19"]

1. e4 c5 2. c3 d5 3. exd5 Qxd5 4. d4 Nc6 5. Nf3 Bg4 6. Be2 O-O-O 7. h3 Bh5 8.
Be3 cxd4 9. cxd4 e5 10. Nc3 Bb4 11. O-O Bxc3 12. bxc3 exd4 13. cxd4 Nge7 14.
Qa4 Nf5 15. Rfc1 Kb8 16. Rc5 Qd7 17. d5 Ncd4 18. Bf4+ Ka8 19. Qxd7 Nxe2+ 20.
Kf1 Rxd7 21. Kxe2 Nd4+ 22. Ke3 b6 23. Rc4 Nf5+ 24. Ke2 Re8+ 25. Kf1 Bxf3 26.
gxf3 Rxd5 27. Rc7 Re7 28. Rac1 Rdd7 29. Rc8+ Kb7 30. a4 Ka6 31. Ra1 Rd4 32. Bb8
Ka5 33. Rc6 Rxa4 34. Rxa4+ Kxa4 35. Bxa7 Rxa7 36. Rxb6 Re7 37. Kg2 Ka5 38. Rb8
Ka6 39. Rb2 Rb7 40. Re2 Kb6 41. Re8 Kc6 42. Re5 g6 43. Re4 Kd6 44. Re8 Re7 45.
Rh8 h5 46. Ra8 Ke5 47. Ra5+ Kf4 48. Ra4+ Kg5 49. Rb4 Rd7 50. Rb1 Nh4+ 51. Kg3
Rd3 52. Rb5+ f5 53. Kh2 Nxf3+ 54. Kg2 Nd4 0-1

[Event "III Festival A"]
[Site "Vanzaghello ITA"]
[Date "2002.09.19"]
[Round "1"]
[White "De Santis, Alessio"]
[Black "Guidi, Maurizio"]
[Result "1-0"]
[WhiteElo "2243"]
[BlackElo "1852"]
[PlyCount "83"]
[EventDate "2002.09.19"]

1. d4 Nf6 2. c4 g6 3. Nc3 Bg7 4. e4 d6 5. Be2 O-O 6. Bg5 Nbd7 7. h4 e5 8. d5 h6
9. Be3 a5 10. Qd2 Kh7 11. g4 Nc5 12. f3 Rh8 13. Nh3 Bd7 14. Nf2 Kg8 15. O-O-O
a4 16. g5 Nh5 17. gxh6 Bf6 18. Rdg1 Bxh4 19. Ng4 a3 20. b3 Ng3 21. Rxh4 Qxh4
22. Bg5 Qh3 23. Nf6+ Kf8 24. Rxg3 Qxg3 25. b4 Qg1+ 26. Bd1 Ba4 27. bxc5 Bxd1
28. Nxd1 Ra4 29. Be3 Rxc4+ 30. Kb1 Qf1 31. cxd6 cxd6 32. Nd7+ Ke7 33. Nb6 Rc7
34. f4 exf4 35. Bd4 Rxh6 36. e5 Rh2 37. exd6+ Kf8 38. dxc7 Qb5+ 39. Kc1 Rxd2
40. c8=Q+ Ke7 41. Qxb7+ Ke8 42. Qb8+ 1-0

[Event "III Festival A"]
[Site "Vanzaghello ITA"]
[Date "2002.09.19"]
[Round "1"]
[White "Fattorelli, Luciano"]
[Black "Barlocco, Carlo"]
[Result "1-0"]
[WhiteElo "1843"]
[BlackElo "2136"]
[PlyCount "107"]
[EventDate "2002.09.19"]

1. e4 c5 2. Nc3 Nc6 3. g3 g6 4. Bg2 Bg7 5. d3 e6 6. Be3 d6 7. Qd2 Nd4 8. Nd1
Bd7 9. c3 Nc6 10. Ne2 Ne5 11. f4 Ng4 12. Bg1 Qa5 13. h3 N4f6 14. g4 Bc6 15. Ng3
Ne7 16. Be3 Nd7 17. f5 gxf5 18. gxf5 Rg8 19. Qf2 Ne5 20. Bf1 exf5 21. Nxf5 Nxf5
22. Qxf5 c4 23. Qxh7 O-O-O 24. d4 Nd7 25. Rg1 Bxe4 26. Qxe4 Nf6 27. Qf3 d5 28.
Rxg7 Rxg7 29. Qxf6 Rg6 30. Qf5+ Kb8 31. Bxc4 Re6 32. Kd2 Ka8 33. Nf2 Qb6 34.
Bb3 Rf6 35. Qh5 a5 36. Nd3 Qd6 37. Ne5 Qe6 38. Qg4 Qe8 39. Bg5 Rf2+ 40. Ke3
Rxb2 41. Bxd8 Qxd8 42. Rg1 Qc7 43. Kd3 f6 44. Qd7 Qb6 45. Rg8+ Ka7 46. Qc8 Qb5+
47. Nc4 dxc4+ 48. Bxc4 Qa4 49. Qc5+ Rb6 50. Bb3 Qd7 51. Qxa5+ Ra6 52. Qc5+ Rb6
53. Qc8 Qb5+ 54. c4 1-0

[Event "III Festival A"]
[Site "Vanzaghello ITA"]
[Date "2002.09.19"]
[Round "1"]
[White "Pattarello, Pierluigi"]
[Black "Antognini, Francesco"]
[Result "1/2-1/2"]
[WhiteElo "1788"]
[BlackElo "2094"]
[PlyCount "103"]
[EventDate "2002.09.19"]

1. d4 Nf6 2. c4 g6 3. Nc3 Bg7 4. e4 d6 5. f4 O-O 6. Nf3 Nbd7 7. Bd3 e5 8. fxe5
dxe5 9. d5 Qe7 10. Qe2 c6 11. O-O Nh5 12. Bg5 Qd6 13. Rad1 a6 14. a3 a5 15. Be3
Nf4 16. Qf2 Re8 17. Nxe5 Nh3+ 18. gxh3 Nxe5 19. Qg3 Qd7 20. Kg2 Nxd3 21. Rxd3
Bxc3 22. Rxc3 Rxe4 23. d6 c5 24. Qf3 b6 25. Qg3 Bb7 26. Kg1 Rae8 27. Bg5 Re2
28. Rf2 Re1+ 29. Rf1 Qf5 30. Rxe1 Rxe1+ 31. Qxe1 Qxg5+ 32. Rg3 Qf4 33. Re3 Qxd6
34. Re8+ Kg7 35. Qe5+ Qxe5 36. Rxe5 Bc6 37. Kf2 Kf6 38. Re3 a4 39. h4 Bd7 40.
Ke2 Be6 41. Kd3 Ke7 42. Kc3 Kd7 43. b4 axb3 44. Kxb3 Kc6 45. Kc3 b5 46. cxb5+
Kxb5 47. Re5 Kc6 48. Re1 Kb5 49. Rb1+ Ka5 50. Rb8 h5 51. Ra8+ Kb5 52. Rb8+
1/2-1/2

[Event "III Festival A"]
[Site "Vanzaghello ITA"]
[Date "2002.09.19"]
[Round "1"]
[White "Sgnaolin, Davide"]
[Black "Caligara, Roberto"]
[Result "1/2-1/2"]
[WhiteElo "2118"]
[BlackElo "1827"]
[PlyCount "68"]
[EventDate "2002.09.19"]

1. e4 e5 2. Nf3 Nc6 3. Bb5 Bc5 4. O-O Nf6 5. d3 d6 6. c3 Bg4 7. Bg5 h6 8. Bh4
g5 9. Bg3 a6 10. Ba4 b5 11. Bb3 Qd7 12. a4 Rb8 13. axb5 axb5 14. Nbd2 h5 15. h4
Rg8 16. hxg5 Rxg5 17. Bh4 Rg6 18. Kh2 Kf8 19. Ra6 Re8 20. Rh1 Bb6 21. Ra1 Nd8
22. Qe1 Bxf3 23. Nxf3 Qg4 24. Rg1 Qf4+ 25. Bg3 Qh6 26. Bh4 Ng4+ 27. Kh1 Ne6 28.
Bxe6 fxe6 29. Rf1 Qf4 30. Qd2 Qxd2 31. Nxd2 Kg7 32. Nf3 Rf8 33. d4 exd4 34.
cxd4 e5 1/2-1/2

[Event "III Festival A"]
[Site "Vanzaghello ITA"]
[Date "2002.09.19"]
[Round "1"]
[White "Stefanetti, Marco"]
[Black "Cacco, Christian"]
[Result "0-1"]
[WhiteElo "1876"]
[BlackElo "2248"]
[PlyCount "128"]
[EventDate "2002.09.19"]

1. d4 c5 2. c3 e6 3. Nf3 Nf6 4. Bg5 h6 5. Bxf6 Qxf6 6. e3 b6 7. Bd3 Nc6 8. Nbd2
g6 9. Ne4 Qe7 10. Qc2 f5 11. Ned2 Bg7 12. a3 Bb7 13. O-O O-O 14. Rfe1 d5 15.
Bb5 Nd8 16. Ne5 c4 17. Nxg6 Qf7 18. Nxf8 a6 19. Nd7 axb5 20. Ne5 Bxe5 21. dxe5
Qg7 22. Qd1 d4 23. f3 dxc3 24. bxc3 Nc6 25. e4 f4 26. a4 Rd8 27. Rf1 Qxe5 28.
axb5 Na5 29. Qc2 Qxb5 30. Rab1 Qc5+ 31. Kh1 Qe3 32. e5 Rxd2 33. Qg6+ Kf8 34.
Qf6+ Ke8 35. Qxe6+ Kd8 36. Qf6+ Kc7 37. e6 Nc6 38. Rbe1 Re2 39. Rd1 Qxe6 40.
Qxf4+ Qe5 41. Qxc4 b5 42. Qf7+ Kb6 43. Rd7 Bc8 44. Rd5 Qxc3 45. Qh5 Ba6 46.
Qxh6 b4 47. Rdd1 Rc2 48. Rg1 Be2 49. Rc1 b3 50. Rxc2 bxc2 51. Rc1 Bd1 52. h4
Kb5 53. Qg5+ Kc4 54. Qg8+ Kd3 55. Qg6+ Ke2 56. Qe4+ Kf2 57. Kh2 Nd4 58. h5 Ne2
59. Qh4+ Kf1 60. Qg5 Nxc1 61. Qxc1 Qe5+ 62. Kh3 Qxh5+ 63. Kg3 Qg6+ 64. Kh3
Qxg2+ 0-1

[Event "III Festival A"]
[Site "Vanzaghello ITA"]
[Date "2002.09.20"]
[Round "2"]
[White "Antognini, Francesco"]
[Black "Fattorelli, Luciano"]
[Result "1-0"]
[WhiteElo "2094"]
[BlackElo "1843"]
[PlyCount "125"]
[EventDate "2002.09.19"]

1. e4 d6 2. d4 Nf6 3. Nc3 g6 4. Nf3 Bg7 5. Be2 O-O 6. O-O c6 7. a4 Nbd7 8. Re1
e5 9. h3 a5 10. dxe5 dxe5 11. Be3 Re8 12. Nd2 Bf8 13. Nb3 Qc7 14. Bf1 Be7 15.
Qf3 Nf8 16. Red1 b6 17. Nb1 Be6 18. N1d2 Rad8 19. Nc4 c5 20. Nbd2 Bc8 21. Bd3
Ne6 22. Qe2 Nd4 23. Qf1 Bb7 24. c3 Ne6 25. Na3 Bc6 26. Bb5 Qb7 27. Bxc6 Qxc6
28. Qb5 Qxb5 29. Nxb5 Rd3 30. Nc4 Rxd1+ 31. Rxd1 Nxe4 32. Nxb6 Rd8 33. Rxd8+
Bxd8 34. Nc4 f6 35. f3 N4g5 36. Nbd6 Nf7 37. Nb7 Be7 38. Nbxa5 Nfd8 39. Nb6 Nc7
40. Nac4 Nc6 41. Nc8 Bf8 42. N8d6 Ne6 43. Bd2 Na5 44. Nxa5 Bxd6 45. Nc4 Bb8 46.
b4 cxb4 47. cxb4 Nd4 48. Kf2 Kf7 49. Be3 Ke6 50. Bxd4 exd4 51. Ke2 Kd5 52. Kd3
h5 53. a5 h4 54. Nb6+ Kc6 55. Kxd4 Kb5 56. Kc3 Bd6 57. Nd5 f5 58. Kb3 Bg3 59.
Nc3+ Kc6 60. Kc4 Be1 61. Ne2 Bd2 62. Nd4+ Kb7 63. Nb3 1-0

[Event "III Festival A"]
[Site "Vanzaghello ITA"]
[Date "2002.09.20"]
[Round "2"]
[White "Barlocco, Carlo"]
[Black "Sgnaolin, Davide"]
[Result "1/2-1/2"]
[WhiteElo "2136"]
[BlackElo "2118"]
[PlyCount "172"]
[EventDate "2002.09.19"]

1. e4 c5 2. Nc3 Nc6 3. g3 g6 4. Bg2 Bg7 5. d3 d6 6. Be3 e6 7. Qd2 Nd4 8. Nd1 e5
9. c3 Ne6 10. Ne2 Nf6 11. Bh6 Bxh6 12. Qxh6 Ng4 13. Qd2 h5 14. h3 Nf6 15. Ne3
b6 16. O-O Bb7 17. f4 exf4 18. Nxf4 O-O 19. Rae1 Qd7 20. Nc4 Ne8 21. Rf2 Kg7
22. Ref1 f6 23. Ne3 Nxf4 24. Rxf4 Qe6 25. c4 Rd8 26. g4 g5 27. Nf5+ Kh8 28.
R4f2 hxg4 29. hxg4 Rf7 30. Bf3 Rh7 31. Ng3 Rdd7 32. Nh5 Rdf7 33. Bd1 Rh6 34.
Rh2 Qe5 35. Rff2 Qd4 36. Kf1 Kh7 37. Ke1 Ng7 38. Ng3 Rxh2 39. Rxh2+ Kg8 40. Rh1
Qe5 41. Qh2 Kf8 42. Qf2 Ke7 43. Rh8 Kd7 44. Rh7 Ke7 45. Ba4 Bc8 46. Bd1 Bd7 47.
Rh8 Rf8 48. Rh7 Rf7 49. Qh2 Be8 50. Rh6 Kd8 51. Qf2 Kc7 52. Nf1 Ne6 53. Ne3 Nf4
54. Nd5+ Nxd5 55. cxd5 Bb5 56. Qe2 Qe7 57. Kd2 Rh7 58. Qh2 Rxh6 59. Qxh6 Bd7
60. Qh8 Qe5 61. Kc2 Qd4 62. Qg7 Qa4+ 63. Kc1 Qd4 64. Be2 Qe3+ 65. Kd1 Qd4 66.
Kc2 Qf2 67. Kd1 b5 68. Qe7 Qd4 69. Kc2 Qf2 70. Kd1 Qd4 71. Kc2 Qa4+ 72. Kc1 Qd4
73. a3 a5 74. Qf8 Qe3+ 75. Kd1 c4 76. dxc4 Qd4+ 77. Kc1 bxc4 78. Qa8 Qe3+ 79.
Kd1 Ba4+ 80. Ke1 Qg1+ 81. Kd2 Qd4+ 82. Ke1 Qg1+ 83. Kd2 Qd4+ 84. Ke1 Qg1+ 85.
Kd2 Qd4+ 86. Ke1 Qg1+ 1/2-1/2

[Event "III Festival A"]
[Site "Vanzaghello ITA"]
[Date "2002.09.20"]
[Round "2"]
[White "Cacco, Christian"]
[Black "Bianchi, Alberto"]
[Result "1-0"]
[WhiteElo "2248"]
[BlackElo "2044"]
[PlyCount "106"]
[EventDate "2002.09.19"]

1. d4 d5 2. Nf3 e6 3. c4 Be7 4. Nc3 Nf6 5. Bf4 c6 6. e3 O-O 7. h3 Re8 8. Qc2
Nbd7 9. Rd1 Nf8 10. Bd3 dxc4 11. Bxc4 Nd5 12. Bg3 Bd6 13. Bxd6 Qxd6 14. O-O Qb4
15. Ne4 Qe7 16. a3 Nf6 17. Nc5 b6 18. Nd3 c5 19. Nde5 Bb7 20. Ng5 cxd4 21. exd4
Rec8 22. Qe2 Nd5 23. Bxd5 Bxd5 24. Ngxf7 Nd7 25. Nxd7 Qxd7 26. Ne5 Qc7 27. Rd2
Qb7 28. Qg4 Rf8 29. Rc1 Rac8 30. Rxc8 Qxc8 31. Qd1 Qb7 32. f3 Rc8 33. Rc2 h6
34. Qc1 Rxc2 35. Qxc2 a5 36. Qc3 a4 37. Kf2 Qe7 38. g3 Qb7 39. h4 h5 40. Ng6
Bb3 41. Nf4 Qf7 42. Qc8+ Kh7 43. Nh3 Qf5 44. Ng5+ Kh6 45. Qh8+ Kg6 46. Qh7+ Kf6
47. Ne4+ Ke7 48. Qxg7+ Qf7 49. Qxf7+ Kxf7 50. Ke3 Kg6 51. Kf4 Bd1 52. Nc3 Bb3
53. Ke5 Kf7 1-0

[Event "III Festival A"]
[Site "Vanzaghello ITA"]
[Date "2002.09.20"]
[Round "2"]
[White "Caligara, Roberto"]
[Black "Pattarello, Pierluigi"]
[Result "1/2-1/2"]
[WhiteElo "1827"]
[BlackElo "1788"]
[PlyCount "60"]
[EventDate "2002.09.19"]

1. e4 e6 2. d4 d5 3. Nd2 c5 4. exd5 Qxd5 5. Ngf3 cxd4 6. Bc4 Qd8 7. Nb3 Nc6 8.
O-O Nf6 9. Nbxd4 Nxd4 10. Nxd4 Qc7 11. Bb3 Bd7 12. Qe2 Be7 13. Re1 O-O 14. Bg5
Rfe8 15. Rad1 Rad8 16. Bh4 a6 17. Bg3 Qb6 18. c3 Bf8 19. Be5 Nd5 20. Bc2 g6 21.
Qf3 Bg7 22. Bxg7 Kxg7 23. Qg3 Qc7 24. Nf3 Qxg3 25. fxg3 Bc6 26. Ne5 Ne7 27.
Nxc6 Nxc6 28. Be4 Rxd1 29. Rxd1 Rd8 30. Rxd8 Nxd8 1/2-1/2

[Event "III Festival A"]
[Site "Vanzaghello ITA"]
[Date "2002.09.20"]
[Round "2"]
[White "Damia, Angelo"]
[Black "De Santis, Alessio"]
[Result "0-1"]
[WhiteElo "1888"]
[BlackElo "2243"]
[PlyCount "38"]
[EventDate "2002.09.19"]

1. e4 c5 2. Nf3 e6 3. d4 cxd4 4. Nxd4 a6 5. c4 Qc7 6. a3 Nf6 7. Nc3 Nc6 8. Nxc6
dxc6 9. Be3 Bd7 10. f4 e5 11. f5 g6 12. Qf3 gxf5 13. exf5 Rg8 14. h3 O-O-O 15.
O-O-O Qa5 16. Qf2 Bxa3 17. Bb6 Qxc3+ 18. Kb1 Bxb2 19. Bxd8 Rxd8 0-1

[Event "III Festival A"]
[Site "Vanzaghello ITA"]
[Date "2002.09.20"]
[Round "2"]
[White "Guidi, Maurizio"]
[Black "Cardani, Roberto"]
[Result "1-0"]
[WhiteElo "1852"]
[BlackElo "1692"]
[PlyCount "65"]
[EventDate "2002.09.19"]

1. e4 c5 2. Nf3 d6 3. d4 cxd4 4. Nxd4 Nf6 5. Nc3 a6 6. Be2 e5 7. Nb3 Be7 8. Be3
Be6 9. Bf3 O-O 10. g4 Re8 11. g5 Nfd7 12. h4 Nc5 13. Qd2 Nbd7 14. h5 b5 15. g6
Nb6 16. Na5 Qc7 17. Rg1 b4 18. Nd5 Nxd5 19. exd5 Bf5 20. gxh7+ Kxh7 21. Nc6 Bf6
22. Bg4 Bxg4 23. Rxg4 a5 24. O-O-O Ra6 25. Bg5 Qd7 26. Rdg1 Qf5 27. Bxf6 Qxf6
28. Rxg7+ Qxg7 29. Rxg7+ Kxg7 30. Qg5+ Kh7 31. Qf5+ Kg7 32. h6+ Kxh6 33. Qf6+
1-0

[Event "III Festival A"]
[Site "Vanzaghello ITA"]
[Date "2002.09.20"]
[Round "2"]
[White "Kidane, Robel"]
[Black "Stefanetti, Marco"]
[Result "0-1"]
[WhiteElo "1770"]
[BlackElo "1876"]
[PlyCount "72"]
[EventDate "2002.09.19"]

1. e4 c6 2. d4 d5 3. e5 Bf5 4. Nc3 a6 5. g4 Bg6 6. Nge2 e6 7. h4 h6 8. Nf4 Bh7
9. g5 hxg5 10. Ng2 gxh4 11. Rxh4 Bxc2 12. Qxc2 Rxh4 13. Nxh4 Qxh4 14. Be3 Qd8
15. O-O-O Nd7 16. Bh3 Ne7 17. Qh7 Qc7 18. Bg5 Nb6 19. f4 c5 20. dxc5 Qxc5 21.
Kb1 g6 22. Rc1 Nc4 23. Bxe7 Qxe7 24. f5 gxf5 25. Nxd5 exd5 26. Qxf5 Rd8 27. Re1
Qb4 28. Re2 Na3+ 29. Ka1 Qc4 30. Qf1 Nc2+ 31. Kb1 Nd4 32. e6 fxe6 33. Bxe6 Qd3+
34. Ka1 Nc2+ 35. Kb1 Ne1+ 36. Kc1 Bh6+ 0-1

[Event "III Festival A"]
[Site "Vanzaghello ITA"]
[Date "2002.09.21"]
[Round "3"]
[White "Bianchi, Alberto"]
[Black "Fattorelli, Luciano"]
[Result "0-1"]
[WhiteElo "2044"]
[BlackElo "1843"]
[PlyCount "60"]
[EventDate "2002.09.19"]

1. e4 d6 2. Nf3 Nf6 3. Nc3 g6 4. h3 c5 5. Bc4 Bg7 6. O-O Nc6 7. a3 a6 8. d4
cxd4 9. Nxd4 O-O 10. Be3 Qc7 11. Nxc6 bxc6 12. Bd3 e5 13. Na4 Rb8 14. c4 d5 15.
cxd5 cxd5 16. Rc1 Qd8 17. exd5 Nxd5 18. Bc5 Re8 19. Bc4 Be6 20. b4 e4 21. Bxa6
Qg5 22. Kh1 Nf4 23. Rg1 Qh4 24. Bf1 Nxh3 25. gxh3 Bxh3 26. Rg2 Bxg2+ 27. Kxg2
Be5 28. Bc4 Rbd8 29. Bd5 Qg5+ 30. Kf1 Rxd5 0-1

[Event "III Festival A"]
[Site "Vanzaghello ITA"]
[Date "2002.09.21"]
[Round "3"]
[White "Cardani, Roberto"]
[Black "Barlocco, Carlo"]
[Result "1-0"]
[WhiteElo "1692"]
[BlackElo "2136"]
[PlyCount "85"]
[EventDate "2002.09.19"]

1. e4 e5 2. Nf3 Nc6 3. Bb5 Nf6 4. O-O Be7 5. Re1 d6 6. c3 O-O 7. h3 Bd7 8. d4
exd4 9. cxd4 Re8 10. Nc3 Bf8 11. Bg5 h6 12. Bh4 g5 13. Bg3 Bg7 14. Rc1 Ne7 15.
Bd3 Ng6 16. e5 Nh5 17. Bxg6 fxg6 18. Qb3+ Kh7 19. e6 Bc8 20. Nb5 Re7 21. d5
Nxg3 22. fxg3 a6 23. Nbd4 a5 24. a4 Ra6 25. Kh1 Rb6 26. Qd3 Rxb2 27. g4 Rb4 28.
Rc4 Qe8 29. Rxb4 axb4 30. Qb5 c6 31. dxc6 bxc6 32. Nxc6 Rb7 33. Qd5 b3 34. Nfd4
b2 35. Rb1 Rb6 36. a5 Bxd4 37. Nxd4 Bb7 38. Qa2 Ra6 39. Rxb2 Qa8 40. e7 Bd5 41.
Qxd5 Qxd5 42. e8=Q Ra7 43. Rb8 1-0